[Event "Rocca Priora op 6th"]
[Site "Rocca Priora"]
[Date "2012.08.14"]
[Round "5"]
[White "Ferretti, Folco"]
[Black "Bighiu, Gheorghe"]
[Result "1-0"]
[WhiteElo "2264"]
[BlackElo "1977"]
[PlyCount "61"]
[EventDate "2012.08.11"]
[EventType "swiss"]
[EventRounds "7"]
[EventCountry "ITA"]
[SourceTitle "EXT 2014"]
[Source "ChessBase"]
[SourceDate "2013.11.20"]
[SourceVersion "1"]
[SourceVersionDate "2013.11.20"]
[SourceQuality "1"]

1. Nf3 Nf6 2. c4 c6 3. g3 d5 4. Bg2 e6 5. 0-0 Bd6 6. d4 Nbd7 7. Qc2 Ne4 8. b3 f5 9. Ba3 Qe7 10. Bxd6 Qxd6 11. Nbd2 0-0 12. e3 Nxd2 13. Qxd2 Nf6 14. Ne5 Nd7 15. Nd3 Nf6 16. c5 Qe7 17. b4 g5 18. a4 Nh5 19. b5 f4 20. Qe2 Ng7 21. exf4 gxf4 22. Nxf4 Qg5 23. Rfe1 Bd7 24. bxc6 bxc6 25. Qd3 Rf6 26. Rab1 Raf8 27. Re5 Qh6 28. Rb7 Be8 29. Qe2 a5 30. Rxg7+ Qxg7 31. Nxe6 1-0

[Event "Rocca Priora op 6th"]
[Site "Rocca Priora"]
[Date "2012.08.14"]
[Round "6"]
[White "Pulito, Alberto"]
[Black "Bighiu, Gheorghe"]
[Result "1-0"]
[WhiteElo "2252"]
[BlackElo "1977"]
[PlyCount "103"]
[EventDate "2012.08.11"]
[EventType "swiss"]
[EventRounds "7"]
[EventCountry "ITA"]
[SourceTitle "EXT 2014"]
[Source "ChessBase"]
[SourceDate "2013.11.20"]
[SourceVersion "1"]
[SourceVersionDate "2013.11.20"]
[SourceQuality "1"]

1. e4 e5 2. d4 exd4 3. Qxd4 Nf6 4. Nc3 Nc6 5. Qe3 Nb4 6. Bd3 d5 7. exd5+ Qe7 8. Nf3 Nbxd5 9. Nxd5 Nxd5 10. Qxe7+ Bxe7 11. c3 0-0 12. 0-0 c6 13. h3 Bd6 14. Rd1 Bf4 15. Bc4 Bxc1 16. Raxc1 Nf4 17. Rd4 Ne6 18. Rd2 Rd8 19. Rcd1 Rxd2 20. Rxd2 Kf8 21. g3 b6 22. Bf1 Ke7 23. Ne5 Kf6 24. f4 g5 25. Ng4+ Ke7 26. f5 Nc5 27. b4 Na4 28. f6+ Ke6 29. Bg2 Bb7 30. Re2+ Kd6 31. Re7 Bc8 32. Ne5 Be6 33. Nxc6 Nxc3 34. Nd4 Nd5 35. Nb5+ Kc6 36. a4 a6 37. Nd4+ Kd6 38. Nxe6 fxe6 39. Rb7 Nxf6 40. Rxb6+ Kc7 41. Rxe6 Rf8 42. Rxa6 Ne8 43. Rc6+ Kd7 44. Rc3 Ng7 45. a5 Ne6 46. a6 Nc7 47. a7 Na8 48. b5 Nb6 49. Rc6 Na8 50. b6 Nxb6 51. Rxb6 Kc7 52. Rb3 1-0

[Event "Porto San Giorgio op 23rd"]
[Site "Porto San Giorgio"]
[Date "2011.08.27"]
[Round "8"]
[White "Borino, Paolo"]
[Black "Bighiu, Gheorghe"]
[Result "0-1"]
[WhiteElo "1917"]
[BlackElo "2062"]
[PlyCount "84"]
[EventDate "2011.08.21"]
[EventType "swiss"]
[EventRounds "9"]
[EventCountry "ITA"]
[SourceTitle "CBM 144 Extra"]
[Source "ChessBase"]
[SourceDate "2011.10.28"]
[SourceVersion "1"]
[SourceVersionDate "2011.10.28"]
[SourceQuality "1"]

1. f4 e5 2. e4 exf4 3. Nf3 Ne7 4. Bc4 d5 5. exd5 Ng6 6. 0-0 Be7 7. Nc3 0-0 8. d3 Bg4 9. Ne2 Bd6 10. Bd2 Re8 11. Kh1 Nd7 12. Neg1 Nf6 13. Qc1 Nh5 14. Bb5 Bd7 15. Bxd7 Qxd7 16. c4 Qg4 17. c5 Be5 18. Nh3 Nh4 19. Nxh4 Qxh4 20. Be1 Qg4 21. Qd1 Qxd1 22. Rxd1 Bxb2 23. Nxf4 Nxf4 24. Rxf4 Ba3 25. Bf2 Re2 26. Bd4 Rae8 27. Rdf1 f6 28. c6 b6 29. Bc3 Rxa2 30. Ra4 a5 31. Re4 Rxe4 32. dxe4 Re2 33. Re1 Rc2 34. Bd4 Bd6 35. g3 Kf7 36. e5 fxe5 37. Bxe5 Bxe5 38. Rxe5 Rd2 39. h4 a4 40. Rf5+ Ke7 41. Rg5 g6 42. h5 a3 0-1

[Event "Porto San Giorgio op 23rd"]
[Site "Porto San Giorgio"]
[Date "2011.08.23"]
[Round "3"]
[White "Bighiu, Gheorghe"]
[Black "Cipollaro, Giovanni"]
[Result "1/2-1/2"]
[WhiteElo "2062"]
[BlackElo "1866"]
[PlyCount "62"]
[EventDate "2011.08.21"]
[EventType "swiss"]
[EventRounds "9"]
[EventCountry "ITA"]
[SourceTitle "CBM 144 Extra"]
[Source "ChessBase"]
[SourceDate "2011.10.28"]
[SourceVersion "1"]
[SourceVersionDate "2011.10.28"]
[SourceQuality "1"]

1. e4 d6 2. d4 Nf6 3. Nc3 e5 4. dxe5 dxe5 5. Qxd8+ Kxd8 6. Bc4 Be6 7. Bxe6 fxe6 8. Be3 Nbd7 9. 0-0-0 Bd6 10. f3 Ke7 11. Nh3 h6 12. Nf2 Rhf8 13. Nd3 Nh5 14. Rhe1 a6 15. Na4 b6 16. g4 Nhf6 17. g5 hxg5 18. Bxg5 Rh8 19. f4 Rxh2 20. fxe5 Nxe5 21. Nc3 Nf3 22. e5 Nxg5 23. exd6+ cxd6 24. Nf4 Kd7 25. Rg1 Nfh7 26. Nd3 Rf8 27. Ne5+ Kc7 28. Nd3 Rf7 29. Rg4 Nf3 30. Rc4+ Kb7 31. Ne4 Rd7 1/2-1/2

[Event "Porto San Giorgio op 23rd"]
[Site "Porto San Giorgio"]
[Date "2011.08.23"]
[Round "4"]
[White "Zinnai, Graziano Matteo"]
[Black "Bighiu, Gheorghe"]
[Result "1-0"]
[WhiteElo "1882"]
[BlackElo "2062"]
[PlyCount "69"]
[EventDate "2011.08.21"]
[EventType "swiss"]
[EventRounds "9"]
[EventCountry "ITA"]
[SourceTitle "CBM 144 Extra"]
[Source "ChessBase"]
[SourceDate "2011.10.28"]
[SourceVersion "1"]
[SourceVersionDate "2011.10.28"]
[SourceQuality "1"]

1. e4 e5 2. Nf3 Nf6 3. d3 d5 4. Nbd2 Bd6 5. c3 0-0 6. b4 c6 7. Bb2 a5 8. a3 Bg4 9. Qc2 Nbd7 10. Be2 b5 11. 0-0 Nb6 12. c4 Na4 13. exd5 axb4 14. axb4 cxd5 15. c5 Nxb2 16. Qxb2 Rxa1 17. Rxa1 e4 18. dxe4 dxe4 19. Nxe4 Nxe4 20. cxd6 Nxd6 21. Nd4 Nc4 22. Bxc4 bxc4 23. b5 Re8 24. b6 c3 25. Qb4 Bc8 26. Nc6 Qd2 27. h3 Re1+ 28. Rxe1 Qxe1+ 29. Kh2 Bb7 30. Na5 Qxf2 31. Nxb7 c2 32. Qc4 g5 33. Nc5 h5 34. b7 Qe2 35. b8Q+ 1-0

[Event "Porto San Giorgio op 23rd"]
[Site "Porto San Giorgio"]
[Date "2011.08.22"]
[Round "2"]
[White "Guglielmi, Dante"]
[Black "Bighiu, Gheorghe"]
[Result "1/2-1/2"]
[WhiteElo "1878"]
[BlackElo "2062"]
[PlyCount "134"]
[EventDate "2011.08.21"]
[EventType "swiss"]
[EventRounds "9"]
[EventCountry "ITA"]
[SourceTitle "CBM 144 Extra"]
[Source "ChessBase"]
[SourceDate "2011.10.28"]
[SourceVersion "1"]
[SourceVersionDate "2011.10.28"]
[SourceQuality "1"]

1. c4 c6 2. Nf3 Nf6 3. Nc3 d5 4. e3 e6 5. Be2 Nbd7 6. b3 Bd6 7. 0-0 e5 8. d3 0-0 9. Bb2 Re8 10. cxd5 cxd5 11. Nb5 Bb8 12. Rc1 a6 13. Nc3 b5 14. Qc2 Bb7 15. Nd2 e4 16. dxe4 dxe4 17. Rfd1 Be5 18. Nf1 Rc8 19. Qb1 Qe7 20. Ng3 g6 21. Qa1 Nb6 22. Rd2 h5 23. Rdc2 h4 24. Nf1 Red8 25. Nd1 Rxc2 26. Rxc2 Nfd7 27. Qc1 Rc8 28. Rxc8+ Nxc8 29. Bxe5 Nxe5 30. Qd2 Qg5 31. Kh1 Nb6 32. Nc3 f5 33. Qd6 Nbd7 34. Nd5 Bxd5 35. Qxd5+ Kg7 36. Qe6 Qf6 37. Qxf6+ Kxf6 38. a4 bxa4 39. bxa4 a5 40. Bb5 Ke7 41. Nd2 Kd6 42. Nb3 Nb6 43. Nxa5 Nd3 44. Kg1 Nc5 45. Be8 g5 46. Bg6 f4 47. exf4 gxf4 48. Kf1 Nbxa4 49. Nc4+ Kd5 50. Bf7+ Kd4 51. Nd6 e3 52. fxe3+ fxe3 53. Nb5+ Kd3 54. Ke1 Nc3 55. Bg6+ Kc4 56. Nd6+ Kd5 57. Ne8 Ke5 58. Bc2 N3e4 59. Nc7 Nc3 60. Ne8 Kd4 61. Ng7 Nd3+ 62. Bxd3 Kxd3 63. Nf5 Nd5 64. Nxh4 Nf4 65. g3 Ne2 66. Nf5 Ng1 67. Nxe3 Kxe3 1/2-1/2

[Event "Perugia op"]
[Site "Perugia"]
[Date "2009.06.29"]
[Round "4"]
[White "Laketic, Gojko"]
[Black "Bighiu, Gheorghe"]
[Result "1-0"]
[WhiteElo "2457"]
[BlackElo "2045"]
[PlyCount "49"]
[EventDate "2009.06.27"]
[EventType "swiss"]
[EventRounds "9"]
[EventCountry "ITA"]
[SourceTitle "EXT 2010"]
[Source "ChessBase"]
[SourceDate "2010.11.25"]
[SourceVersion "1"]
[SourceVersionDate "2010.11.25"]
[SourceQuality "1"]

1. c4 c6 2. e4 d5 3. exd5 cxd5 4. d4 e6 5. Nc3 Nf6 6. Nf3 Bb4 7. Bd3 dxc4 8. Bxc4 0-0 9. 0-0 Nc6 10. Bg5 Be7 11. a3 a6 12. Qd3 b5 13. Ba2 Bb7 14. Rad1 Na5 15. Rfe1 Rc8 16. Ne5 Nd5 17. Bxd5 Rxc3 18. Qxc3 Qxd5 19. Nf3 Bxg5 20. Re5 Qb3 21. Qxb3 Nxb3 22. Nxg5 f6 23. Re3 fxg5 24. Rxb3 Bd5 25. Rc3 1-0

[Event "Perugia op"]
[Site "Perugia"]
[Date "2009.06.28"]
[Round "3"]
[White "Bighiu, Gheorghe"]
[Black "Bertolini, Ettore"]
[Result "1-0"]
[WhiteElo "2045"]
[BlackElo "1856"]
[PlyCount "75"]
[EventDate "2009.06.27"]
[EventType "swiss"]
[EventRounds "9"]
[EventCountry "ITA"]
[SourceTitle "EXT 2010"]
[Source "ChessBase"]
[SourceDate "2010.11.25"]
[SourceVersion "1"]
[SourceVersionDate "2010.11.25"]
[SourceQuality "1"]

1. e4 e5 2. a3 Nf6 3. Nf3 Nc6 4. Nc3 d5 5. exd5 Nxd5 6. Bc4 Nxc3 7. dxc3 Qxd1+ 8. Kxd1 Bg4 9. b3 Bxf3+ 10. gxf3 0-0-0+ 11. Ke2 f6 12. Be3 g6 13. b4 Kb8 14. Bb5 Be7 15. h4 f5 16. Bh6 Bf6 17. Bxc6 bxc6 18. Bg5 Rd6 19. Rad1 Rf8 20. c4 Kc8 21. Rxd6 cxd6 22. b5 Kc7 23. a4 Bg7 24. h5 h6 25. Be3 c5 26. hxg6 f4 27. Bd2 Rf6 28. Rg1 Kb6 29. a5+ Kb7 30. Kd3 h5 31. Ke4 h4 32. Rh1 Rxg6 33. Rxh4 a6 34. Rg4 Rxg4 35. fxg4 axb5 36. cxb5 Kc7 37. c4 Kb7 38. g5 1-0

[Event "Assisi op-A 4th"]
[Site "Assisi"]
[Date "2008.12.19"]
[Round "2"]
[White "Di Lascio, Savino"]
[Black "Bighiu, Gheorghe"]
[Result "0-1"]
[WhiteElo "1953"]
[BlackElo "2026"]
[PlyCount "68"]
[EventDate "2008.12.18"]
[EventType "swiss"]
[EventRounds "9"]
[EventCountry "ITA"]
[SourceTitle "CBM 127 Extra"]
[Source "ChessBase"]
[SourceDate "2009.01.08"]
[SourceVersion "2"]
[SourceVersionDate "2009.01.28"]
[SourceQuality "1"]

1. e4 e5 2. Nf3 Nf6 3. d3 c6 4. Nbd2 d6 5. c3 Be7 6. g3 Bg4 7. Bg2 Nbd7 8. 0-0 0-0 9. Re1 Ne8 10. h3 Bh5 11. Nf1 Bxf3 12. Bxf3 Kh8 13. Ne3 g6 14. Bg4 Ng7 15. h4 f5 16. exf5 gxf5 17. Bf3 Ne6 18. Ng2 Rg8 19. Kh2 d5 20. b4 Bd6 21. Bh5 Qf6 22. a4 e4 23. Ra2 f4 24. dxe4 fxg3+ 25. Kg1 Nf4 26. Bxf4 Bxf4 27. Qf3 Raf8 28. Kf1 Ne5 29. Qxf4 Qxf4 30. Nxf4 Rxf4 31. exd5 g2+ 32. Kg1 Rxh4 33. f4 Rh1+ 34. Kf2 Nd3+ 0-1

[Event "Porto San Giorgio op 15th"]
[Site "Porto San Giorgo"]
[Date "2003.08.25"]
[Round "5"]
[White "Unterfraumer, Albert"]
[Black "Bighiu, Gheorghe"]
[Result "1-0"]
[WhiteElo "2188"]
[BlackElo "2126"]
[PlyCount "133"]
[EventDate "2003.08.21"]
[EventType "swiss"]
[EventRounds "9"]
[EventCountry "ITA"]
[SourceTitle "CBM 095 Extra"]
[Source "ChessBase"]
[SourceDate "2003.09.04"]
[SourceVersion "1"]
[SourceVersionDate "2003.09.04"]
[SourceQuality "1"]

1. Nf3 d5 2. d4 Nf6 3. c4 c6 4. Nc3 dxc4 5. a4 Bf5 6. e3 e6 7. Bxc4 Bb4 8. 0-0 0-0 9. Bd3 Nbd7 10. Bxf5 exf5 11. Qc2 g6 12. Qb3 a5 13. Ne5 Qe7 14. Nd3 Ra6 15. Bd2 Rd8 16. Rfd1 Nb6 17. Be1 Bd6 18. Ne2 Nbd5 19. Ne5 Rb6 20. Qd3 Nb4 21. Qc4 Nfd5 22. Nf4 Ra6 23. Nfd3 Rb6 24. Nf4 Kg7 25. Nfd3 Re8 26. Nxb4 Nxb4 27. Nd3 Nxd3 28. Qxd3 Rxb2 29. d5 Be5 30. d6 Qf6 31. f4 Rxg2+ 32. Kxg2 Bxa1 33. d7 Rd8 34. Bxa5 Qb2+ 35. Kh1 b6 36. Bxb6 Qxb6 37. Rxa1 c5 38. Kg1 Qc6 39. Rd1 Qxa4 40. Rd2 Qa1+ 41. Kf2 Qf6 42. Qd5 Qe6 43. Qb7 c4 44. Qc7 Qe7 45. Ke2 Kh6 46. Rd4 c3 47. Kd3 Kh5 48. Qc6 c2 49. Kxc2 Kh6 50. Kd3 Qa3+ 51. Ke2 Qe7 52. Qc7 Qh4 53. Kd3 Qe7 54. Kc4 Kh5 55. Qc6 Kh6 56. Qc7 Qe6+ 57. Kc5 Qe7+ 58. Kc6 Qe6+ 59. Qd6 Qb3 60. Qb4 Qa2 61. Qb6 Qe6+ 62. Kc7 Qe7 63. Qd6 Qh4 64. Rb4 Kg7 65. Qe5+ Kh6 66. Qe8 Rxe8 67. dxe8Q 1-0